000 00281nam a22000977a 4500
999 _c263511
_d263510
020 _a9780439377096
100 _aDav Pilkey & Dan Santat.
245 _aRicky Ricotta's mighty robot vs the naughty nightcrawlers from Nepture.
260 _aNewYork
_bScholastic Inc
_c2021
942 _cBK